00266nam a2200109Ia 4500008004100000100001900041245003700060260002100097650001400118942000700132999001700139190216s9999||||xx |||||||||||||| ||und|| aAbu Iringatiri 0aMalayalam-Sooryan Oru Chan Agale bSakshi Prakashan aMalayalam cBK c26781d26781